Gyvenimas ir galvojimas
| Titel: | Gyvenimas ir galvojimas : straipsniai, esė, pokalbiai / Algirdas Julius Greimas |
|---|---|
| Verfasser: | |
| Veröffentlicht: | Vilnius : Vyturys, 1998 |
| Umfang: | 222 Seiten |
| Format: | Buch |
| Sprache: | Litauisch |
| Schriftenreihe/ mehrbändiges Werk: |
Ad se ipsum Švietimas Lietuvos ateičiai |
| ISBN: | 5790007945 |
| Hinweise zum Inhalt: |
Inhaltsverzeichnis
|
alg: 38028182 001A $03004:04-05-16 001B $01999:09-06-23 $t23:01:49.000 001C $03004:31-05-16 $t15:47:43.000 001D $03004:04-05-16 001U $0utf8 001X $00 002@ $0Aau 002C $aText $btxt $2rdacontent 002D $aohne Hilfsmittel zu benutzen $bn $2rdamedia 002E $aBand $bnc $2rdacarrier 003@ $0380281821 003O $0247681961 $aOCoLC 004A $05-7900-0794-5 007A $0380281821 $aHEB 007G $0DE0178047FC4A340B6FBDC125758A002683D2 009P $qapplication/pdf $A2 $3Inhaltsverzeichnis $uhttp://scans.hebis.de/HEBCGI/show.pl?38028182_toc.pdf $mV:DE-603;B:DE-Mb50 010@ $alit 010E $erda 011@ $a1998 021A $aGyvenimas ir galvojimas $dstraipsniai, esė, pokalbiai $hAlgirdas Julius Greimas 028A $BVerfasser $#Greimas, Algirdas-Julien $#Greimas, A. J. $#Greimas, A.-J. $#Greimas, Algirdas J. $#Greimas, Algirdas Julius $#Grejmas, Alʹgirdas J. $#Grejmas, Alʹgirdas-Juljus $#Grejmas, Alʹgirdas-Žjulʹen $#Geleimasi, A. J. $#Ge lei ma si, A. J. $#Greimas, Algirdas $#Greimas, Algirdas-Julius $4aut $7118787470 $8Greimas, Algirdas Julien$Z1917-1992 [Tp1] $908712808X 033A $pVilnius $nVyturys 034D $a222 Seiten 036G $aAd se ipsum 036G/01 $aŠvietimas Lietuvos ateičiai 037A $aLiteraturverzeichnis: Seite 220-221 045F $a809 $eDDC23BSB 045F/01 $a809 045F/03 $g4793 045G $a400 $eDDC23BSB 045G/01 $a400 045G/03 $g4793 lok: 38028182 24 101B $031-05-16 $t15:47:43.000 101C $031-05-16 101U $0utf8 145Z/01 $a45 10 E 145Z/02 $a45 10 B exp: 38028182 24 1 #EPN 201B/01 $004-05-16 $t15:13:44.000 201C/01 $004-05-16 201U/01 $0utf8 203@/01 $0773693718 208@/01 $a04-05-16 $bz 209A/01 $a16.02651 $du $f050 $h16 02651 $x00 209C/01 $a16.02651 T $h16 02651 T 209G/01 $a73714397 $x00 220C/01 $acer 244Z/01 $#Greimas, Algirdas-Julien $#Greimas, A. J. $#Greimas, A.-J. $#Greimas, Algirdas J. $#Greimas, Algirdas Julius $#Grejmas, Alʹgirdas J. $#Grejmas, Alʹgirdas-Juljus $#Grejmas, Alʹgirdas-Žjulʹen $#Geleimasi, A. J. $#Ge lei ma si, A. J. $#Greimas, Algirdas $#Greimas, Algirdas-Julius $7118787470 $8--Tp1--Greimas, Algirdas Julien$Z1917-1992 $x01 $908712808X 247C/01 $8358050-7Marburg, Bibliothek des Herder-Instituts Marburg $9102600961
| LEADER | 00000cam a2200000 c 4500 | ||
|---|---|---|---|
| 001 | 380281821 | ||
| 003 | DE-603 | ||
| 005 | 20230609230149.0 | ||
| 007 | tu | ||
| 008 | 160504s1998 xx |||| | u00||u|lit c | ||
| 020 | |a 5790007945 | ||
| 035 | |a (DE-599)HEB380281821 | ||
| 035 | |a (OCoLC)247681961 | ||
| 040 | |a DE-603 |b ger |c DE-603 |d DE-603 |e rda | ||
| 041 | |a lit | ||
| 082 | 0 | 4 | |8 1\u |a 809 |q DE-101 |2 23/BSB |
| 083 | 0 | |8 2\u |a 400 |q DE-101 |2 23/BSB | |
| 085 | |8 1\u |b 809 | ||
| 085 | |8 1\u |z 2 |s 4793 | ||
| 085 | |8 2\u |b 400 | ||
| 085 | |8 2\u |z 2 |s 4793 | ||
| 100 | 1 | |a Greimas, Algirdas Julien |d 1917-1992 |e Verfasser |4 aut |0 (DE-603)08712808X |0 (DE-588)118787470 |2 gnd | |
| 245 | 0 | 0 | |a Gyvenimas ir galvojimas |b straipsniai, esė, pokalbiai |c Algirdas Julius Greimas |
| 264 | 1 | |a Vilnius |b Vyturys |c 1998 | |
| 300 | |a 222 Seiten | ||
| 336 | |a Text |b txt |2 rdacontent | ||
| 337 | |a ohne Hilfsmittel zu benutzen |b n |2 rdamedia | ||
| 338 | |a Band |b nc |2 rdacarrier | ||
| 490 | 0 | |a Ad se ipsum | |
| 490 | 0 | |a Švietimas Lietuvos ateičiai | |
| 500 | |a Literaturverzeichnis: Seite 220-221 | ||
| 856 | 4 | 2 | |m V:DE-603;B:DE-Mb50 |q application/pdf |u http://scans.hebis.de/HEBCGI/show.pl?38028182_toc.pdf |3 Inhaltsverzeichnis |
| 924 | 0 | |9 Mb 50 |a (DE-603)773693718 |b DE-Mb50 |c HES |d c |g 16.02651 | |


